Deregulating the health care industry : planning for competition /

Bibliographic Details
Main Author: Havighurst, Clark C.
Format: Book
Language:English
Published: Cambridge, Mass. : Ballinger, [1982]
Subjects:

MARC

Tag First Indicator Second Indicator Subfields
LEADER 00000cam a2200000 a 4500
001 in00000082424
005 20151008061156.0
008 811014s1982 mau b 00110 eng
010 |a  81015011  
020 |a 0884107361 
035 |a (OCoLC)07923842 
035 |9 AAJ7478AM 
039 0 |a 2  |b 3  |c 3  |d 3  |e 3 
040 |a DLC  |c DLC  |d HML  |d TXA  |d UtOrBLW 
043 |a n-us--- 
049 |a TXAM  |c [1443132] 
050 0 0 |a KF3825.5  |b .H38 
082 0 |a 344.73/0321  |a 347.304321  |2 19 
096 |a W 32 AA1 H388d 1982 
100 1 |a Havighurst, Clark C. 
245 1 0 |a Deregulating the health care industry :  |b planning for competition /  |c Clark C. Havighurst. 
264 1 |a Cambridge, Mass. :  |b Ballinger,  |c [1982] 
264 4 |c ©1982 
300 |a xviii, 500 pages ;  |c 24 cm. 
336 |a text  |b txt  |2 rdacontent 
337 |a unmediated  |b n  |2 rdamedia 
338 |a volume  |b nc  |2 rdacarrier 
504 |a Includes bibliographical references and index. 
650 0 |a Health planning  |x Law and legislation  |z United States. 
650 0 |a Medical laws and legislation  |z United States. 
650 0 |a Competition  |z United States. 
650 0 |a Medical policy  |z United States. 
650 0 |a Medical economics  |z United States. 
650 2 |a Economics, Medical  |z United States  |x trends. 
650 2 |a Legislation, Medical  |z United States  |x trends. 
999 |a MARS 
999 f f |s 0777370e-16fc-3ffe-9a03-325a9593f346  |i c47fbe74-8a8c-3d6d-b619-cef5a66fcdd8  |t 0 
952 f f |p ric  |a Texas A&M University  |b Rellis Campus  |c Joint Library Facility  |d Remote Storage  |t 0  |e KF3825.5 .H38  |h Library of Congress classification  |i unmediated -- volume  |m A14806156084 
998 f f |a KF3825.5 .H38  |t 0  |l Remote Storage